00393nam a22001337a 450000500170000000800410001704100130005808200130007110000130008424500420009726000690013930000250020865000260023320240607131016.0240607b |||||||| |||| 00| 0 eng d aEnglish  a349 LAW  lEnglish  aThe All England Law Reports: Reprint  aLondon: bButterworth and Company Publishers Ltd, c1908 to 1910 b976 pages; c25 cm.  aLegal practice bLaw